Vista normal
Vista MARC
Entrada Materia (personas)
Número de registros utilizados en: 1
001 - CONTROL NUMBER
- control field: 92559
003 - CONTROL NUMBER IDENTIFIER
- control field: Co-BoUCM
005 - DATE AND TIME OF LATEST TRANSACTION
- control field: 20180522081735.0
008 - FIXED-LENGTH DATA ELEMENTS
- fixed length control field: 180522|| aca||aabn | a|a d
040 ## - CATALOGING SOURCE
- Original cataloging agency: Co-BoUCM
- Transcribing agency: Co-BoUCM
100 ## - HEADING--PERSONAL NAME
- Personal name: Lockyer, Norman Joseph
- Titles and other words associated with a name: Sir,
- Dates associated with a name: 1836-1920
670 ## - SOURCE DATA FOUND
- Source citation: Work cat.: (Co-BoUCM): Lockyer, Norman Joseph Sir, 1836-1920 , Nociones de astronomía , 1924